[Event "NOR-ch U14"]
[Site "Bergen"]
[Date "2015.11.??"]
[Round "2"]
[White "Nersveen, Aleksander Emil"]
[Black "Narheim, Mats"]
[Result "0-1"]
[WhiteElo "584"]
[BlackElo "1067"]
[PlyCount "68"]
[EventDate "2015.11.13"]
[EventType "swiss"]
[EventRounds "7"]
[EventCountry "NOR"]
[SourceTitle "EXT 2024"]
[Source "ChessBase"]
[SourceDate "2023.10.10"]
[SourceVersion "1"]
[SourceVersionDate "2023.10.10"]
[SourceQuality "1"]

1. e4 c5 2. Nc3 Nc6 3. Bc4 e6 4. Nf3 Nge7 5. d3 d5 6. exd5 exd5 7. Bb5 d4 8. Ne4 Qa5+ 9. Bd2 Qc7 10. Nxc5 Nd5 11. Ne4 Be7 12. Nxd4 0-0 13. Nf5 Bxf5 14. Bc4 Bxe4 15. dxe4 Nf6 16. Bd5 Ne5 17. Bc3 Neg4 18. Qf3 Ne5 19. Qg3 Bd6 20. 0-0 Neg4 21. Ba5 Bxg3 22. Bxc7 Bxc7 23. Bxb7 Rab8 24. Bd5 Rxb2 25. c4 Bb6 26. h3 Nxf2 27. e5 Nxh3+ 28. Kh2 Nxd5 29. cxd5 Rd8 30. d6 Re2 31. Rf5 Nf4 32. Rc1 Rxg2+ 33. Kh1 Rg4 34. Rc4 Rh4# 0-1